00640nam a2200157Ia 4500999001700000082001200017100003500029245016000064260004900224300002100273650002600294650003300320710001600353942001200369952010100381 c10656d10656 aTR.0128 aReddy, Hosahudya Nanjappa Byra 0aAnalysis of patterns and procedures in communication of farm information by village level workers and factors associated with their communication behaviour c1976bIndian Agricultural Research Institute a233p. + C D - 51 aVILLAGE LEVEL WORKERS aCOMMUNICATION IN AGRICULTURE aSingh, K.N. cTH2ddc 00104070aNASSDOCbNASSDOCd2004-10-08l0oTR.0128p13587r2019-04-18 00:00:00w2019-04-18yTH